000
00291nam a2200121Ia 4500
005
20251222143244.0
008
251222s9999||||xx |||||||||||||| ||spa||
082
_a
658.404.85/A59I
100
_a
Andía Valencia, Walter
245
0
_a
Inversión Pública:
264
_b
El Saber
942
_c
LIB
999
_c
14702
_d
14702